000
00322nam a2200133Ia 4500
008
191201s2011 xx 000 0 und d
100
_a
SCHILDT,Herbert
245
0
_a
Complete reference Java 2
250
_a
49th.Rep
260
_c
2011
_b
Tata mc Graw Hill
_a
N. delhi
300
_a
1154
650
_a
IT
942
_2
ddc
_c
BB
_0
1
999
_c
7497
_d
7497